000 00612nam a2200229Ia 4500
003 OSt
005 20220924130736.0
006 a|||||r|||| 00| 0
007 ta
008 220923b |||||||| |||| 00| 0 urd d
024 _a321305
037 _cTextual
040 _aARTS
_cARTS
_burd
041 _2urd
_aurd
082 _aQ7x, 168L2
100 _aAli Mohammad Ashraf Au.
_95611
245 0 _aIslah-e-inqalab
260 _aU.P
_bNashir darah taleefat India
_c1972
650 _aISLAM
_9577
942 _hQ7x, 168L2
_cTEXL
_2CC
999 _c425347
_d425347